Cirkev a národnouvedomovací proces v prostredí amerických Slovákov v prvých dvoch desaťročiach 20. storočia

Bibliographic Details
Main Author: Švorc, Peter, 1957- (Author)
Format: Article
Language:Slovak
ISSN:1336-7528
Subjects:

MARC

LEADER 00000nab a2200000 a 4500
001 vtls010469113
003 SK-MaSNL
005 20260303093948.0
008 121114c201201 xo r m 000 00slo
015 |a SNBRA2012/11SVKPO 
038 |a SVKPO 
040 |a SVKPOCL  |b slo  |c SVKPOCL  |e AACR2 
041 0 |a slo  |b eng 
044 |a xo  |c SK 
080 |a 2-72  |2 2001 
080 |a 304.2:323.1(73=162.4)  |2 2001 
080 |a 27-72  |2 2001 
080 |a 323.1(73=162.4)  |2 2001 
100 1 |a Švorc, Peter,  |d 1957-  |4 aut  |9 104298 
245 1 0 |a Cirkev a národnouvedomovací proces v prostredí amerických Slovákov v prvých dvoch desaťročiach 20. storočia  |c Peter Švorc 
504 |a Bibliogr. odkazy 
546 |a Res. eng. 
648 7 |a 20. stor., začiatok  |2 svkpocl  |9 335727 
650 0 7 |a americkí Slováci  |2 svkpocl  |9 1105696 
650 0 7 |a cirkev  |x národné povedomie  |x americkí Slováci  |2 svkpocl  |9 1105697 
650 0 7 |a národné povedomie  |x americkí Slováci  |2 svkpocl  |9 1105698 
650 0 7 |a Slováci v zahraničí  |x národné povedomie  |2 svkpocl  |9 1105699 
773 0 |t Annales historici Presovienses  |g Roč. 12, č. 1 (2012), s. 166-180  |x 1336-7528 
852 |a SVKPO  |b KIS3GCP 
958 |a SK 
958 |a NB 
999 |c 1818170  |d 1820100